Nursing Interventions among the Elderly Females with Bladder Dysfunction/ (Record no. 208174)

MARC details
000 -LEADER
fixed length control field 00670nam a22001937a 4500
005 - DATE AND TIME OF LATEST TRANSACTION
control field 20250108102040.0
010 ## - LCCN (DPL NO)
LC control number ENG-143206
020 ## - INTERNATIONAL STANDARD BOOK NUMBER
Terms of availability 300.00
International Standard Book Number 9789388805230
035 ## - SYSTEM CONTROL NUMBER
System control number EN-126738
037 ## - SOURCE OF ACQUISITION
Source of stock number/acquisition DBAD
082 ## - DEWEY DECIMAL CLASSIFICATION NUMBER
Classification number 305.26
100 ## - MAIN ENTRY--PERSONAL NAME
Personal name Nivethitha, K.
245 ## - TITLE STATEMENT
Title Nursing Interventions among the Elderly Females with Bladder Dysfunction/
Statement of responsibility, etc By K. Nivethitha
250 ## - EDITION STATEMENT
Edition statement 1
260 ## - PUBLICATION, DISTRIBUTION, ETC. (IMPRINT)
Name of publisher, distributor, etc Archers & Elevators Publishing House
Place of publication, distribution, etc Bangalore
Date of publication, distribution, etc 2019
270 ## - ADDRESS
Address 131 AGB Lay Out, 6"Cross, Hesaraghatta,Main Road
City Bangalore
Postal code 560090
Telephone number 9164362263
Electronic mail address archerselevators@gamail.com
300 ## - PHYSICAL DESCRIPTION
Extent 130p.
Dimensions 24cm(pb)
942 ## - ADDED ENTRY ELEMENTS (KOHA)
Source of classification or shelving scheme Dewey Decimal Classification
Item type English Books
Classification part 305.26
Call number suffix NIV
Holdings
Withdrawn status Lost status Not for loan Collection code Home library Current library Date acquired Source of acquisition Cost, normal purchase price Full call number Barcode Copy number Cost, replacement price Koha item type
      Non-fiction Ashok Vihar Ashok Vihar 08/01/2025 Delivery of Books Division 300.00 305.26 NIV EN-126738 1 300.00 English Books

© Delhi Public Library
Hit Counter
free hit counter